एस.बी.आई. भारतीय स्टेट बैंक : (Record no. 152957)

MARC details
000 -LEADER
fixed length control field 01104nam a22002177a 4500
005 - DATE AND TIME OF LATEST TRANSACTION
control field 20180622120602.0
010 ## - LCCN (DPL NO)
LC control number HIN-114341
020 ## - INTERNATIONAL STANDARD BOOK NUMBER
International Standard Book Number 9789352833252
Terms of availability 165.00
035 ## - SYSTEM CONTROL NUMBER
System control number HN-86687
037 ## - SOURCE OF ACQUISITION
Source of stock number/acquisition DBAD/PUB
082 ## - DEWEY DECIMAL CLASSIFICATION NUMBER
Classification number 000
245 ## - TITLE STATEMENT
Title एस.बी.आई. भारतीय स्टेट बैंक :
Statement of responsibility, etc एस.चंद द्वारा संपादित
Remainder of title कनिष्ठ सहयोगी (ग्राहक सहायता एंव विक्रय)आॅनलाइन प्रारंभिक परीक्षा /
246 ## - VARYING FORM OF TITLE
Title proper/short title SBI Bhartiya State Bank /
260 ## - PUBLICATION, DISTRIBUTION, ETC. (IMPRINT)
Place of publication, distribution, etc नई दिल्ली
Name of publisher, distributor, etc एस चन्द एण्ड कम्पनी
Date of publication, distribution, etc 2018
270 ## - ADDRESS
City नई दिल्ली
Address 7361,राम नगर,कुतुब रोड,
Postal code 110055
Electronic mail address wwwshandpublishing.com
300 ## - PHYSICAL DESCRIPTION
Extent 224पृ.
Dimensions 26से.मी.(अजिल्द)
Other physical details सचित्र
490 ## - SERIES STATEMENT
Series statement Exam success series
500 ## - GENERAL NOTE
General note 20 प्रैक्टिस सेट्स
700 ## - ADDED ENTRY--PERSONAL NAME
Personal name एस.चंद
942 ## - ADDED ENTRY ELEMENTS (KOHA)
Source of classification or shelving scheme Dewey Decimal Classification
Item type Hindi Books
Classification part 000
Call number suffix भारती
Holdings
Withdrawn status Lost status Not for loan Collection code Home library Current library Date acquired Source of acquisition Cost, normal purchase price Full call number Barcode Copy number Cost, replacement price Koha item type
    Not For Loan Non-fiction D.B.Act.Division Bawana 22/06/2018 DBAD/PUB 165.00 000 भारती HN-86687 1 165.00 Hindi Books

© Delhi Public Library
Hit Counter
free hit counter